| 000 | 00466nam a2200145Ia 4500 | ||
|---|---|---|---|
| 008 | 201002s9999 xx 000 0 und d | ||
| 020 | _a978-7-107-17422-3 | ||
| 100 | _aEditor: Chen Fu | ||
| 245 |
_cChen Fu, Zhu Zhi _aLearn chinese with me student's books 2/ |
||
| 260 |
_aBeijing: _bPeople's Education Press _c2012 |
||
| 300 |
_a277 pages _c27 cm. |
||
| 440 | _v2 | ||
| 650 | _aChinese language -- spoken Chinese | ||
| 650 | _aChinese language -- study and teaching | ||
| 999 |
_c364622 _d364622 |
||